000
00322nam a22001337a 4500
008
171227b xxu||||| |||| 00| 0 eng d
020
_a
9780760728420
041
_a
eng
080
_a
611
100
_a
6
101
_a
ANA
245
_a
ANATOMICA THE COMPLETE HOME MEDICAL REFERENCE
_c
MARGARET .O
942
_2
udc
_c
BK
999
_c
39499
_d
39499